Statystyki dla Skoczkowie z najlepszymi rekordami

Kliknij tutaj aby rozwiązać quiz!

Ogólne statystyki

  • Ten quiz został rozwiązany 178 razy
  • Średni wynik to 7 z 10

Statystyki odpowiedzi

SkoczekRekord% Poprawnych
5Kamil Stoch251,5m
99%
1Stefan Kraft253.5m
91%
6Peter Prevc250,0m
83%
3Ryoyu Kobayashi252,0m
81%
10Piotr Żyła248,0m
79%
2Robert Johansson252,0m
78%
9Markus Eisenbichler248,0m
55%
4Anders Fannemel251,5m
51%
7Andreas Stjernen249,0m
31%
8Kenneth Gangnes248,5m
12%

Rozkład punktacji

Percentyl według liczby udzielonych odpowiedzi

Procent ludzi z każdym wynikiem

Twoja historia wyników

Nie rozwiązałeś tego quizu